000 00957nam a2200289 4500
003 EG-GICUC
005 20260409103915.0
008 260409s1935 fr ||||fr|||| 00| 0 fre d
040 _aEG-GiCUC
_bfre
_cEG-GiCUC
_dEG-GiCUC
_eRda
041 0 _afre
082 0 4 _221
_a341.22
_bÉL . P
092 0 4 _221
099 _aLaw1 11 341.22 ÉL . P 1935
100 1 _aÉLes, Georges T.
_eAuteur
245 1 3 _aLe principe de l'unanimité dans la socitété des nations et les exceptions a se principe /
_cGeorges T. ÉLes.
264 1 _aParis :
_bA. Pedone,
_c1935.
300 _a279 page ;
_c 24 cm.
336 _2rda contenu
_a texte
337 _2rda medias
_aOrdinateur
338 _2 transporteur rda
_a Ressource en ligne
546 _aTexte en français
650 1 4 _aDroit international public
650 1 4 _aOrganisation des Nations Unies
856 4 0 _uhttps://fll.law.cu.edu.eg/fulltext/bks/B11-05213.pdf
905 _a30
942 _2ddc
_cBK
_e21
_n0
999 _c69803
_d69803